000 00373nam a2200109Ia 4500
008 171211s9999 xx 000 0 und d
245 _aPTC Creo Parametric 3.0 for Designers
245 _cSham Tickoo
260 _c2015
650 _xDrawing
856 _uhttp://down.ebook777.com/003/PTC%20Creo%20Parametric%203.0%20for%20Des%20-%20Prof.%20Sham%20Tickoo%20Purdue%20Univ_.pdf
999 _c348039
_d348039